000 00370nam a2200133Ia 4500
008 230822s2002 xx 000 0 und d
020 _a1840005092
041 _aeng
082 _a721.822
100 _aSLESSOR C
245 _aCONTEMPORARY DOORWAYS ARCHITECTURAL, ENTRANCES, TRANSITIONS AND THRESHOLDS
260 _bOCTOPUS PUBLISHING GROUP LTD.
_c2002
300 _a176
999 _c857782
_d857782